| 000 | 00766nam a22002537a 4500 | ||
|---|---|---|---|
| 003 | UA-OsUOA | ||
| 001 | 28055 | ||
| 007 | ta | ||
| 008 | 20040922b un ||||| |||| 00| 0 ukr d | ||
| 100 | _aМілих Н.Г. | ||
| 090 |
_a81366-111 _bМ60 |
||
| 942 | _cBK | ||
| 040 |
_aUA-OsUOA _bukr _cUA-OsUOA _dUA-OsUOA |
||
| 245 |
_aМорфологія англійського дієслова _bНавчальний посібник для студентів факультетів іноземних мов вищих навчальних закладів |
||
| 300 | _a120 с. | ||
| 955 | _a0 | ||
| 041 | _aukr | ||
| 080 | _a81366-111 | ||
| 020 | _a5-325-00454-9 | ||
| 260 |
_aКиїв _bЛибідь _c1995 |
||
| 044 | _aUA | ||
| 650 | 7 | _2UDC | |
| 999 |
_c314410 _d314410 |
||